000 01346cam a2200289 4500
001 L123056
008 030704m2003 000 0 eng u
020 _a1901171213
035 _a(Sirsi) u123056
041 _aeng
050 _a692.8
_c18
100 _aMosey, David
245 _aGuide to the ACA project partnering contracts PPC2000 and SPC2000
260 _aBromley
_bACA
_c2003
300 _a99p.
_c30cm.
350 _a20
520 _aThis comprehensive guide to PPC 2000 and SPC 2000 sets out the process of formulating an agreement and addresses the key issues that arise when using a partnering contract. Includes chapters on the background to PPC 2000 and SPC 2000; key features of PPC 2000; PPC 2000 processes; partnering documents; clause-by-clause PPC 2000 partnering terms; the structure and specialist terms of SPC 2000; Scottish supplement PPC(S)2000; partnering advisers; and ten common pitfalls of using PPC 2000. Appendices include various checklists, timescales and flowcharts.
650 _aPPC 2000
650 _aBUILT ENVIRONMENT-BUILDING CONTRACT FORMS
650 _aSPECIALIST CONTRACTS
650 _aSPC 2000
650 _aPPC(S)2000
650 _aPARTNERING AGREEMENTS
690 _aBUILT ENVIRONMENT-BUILDING CONTRACT FORMS
710 _aAssociation of Consultant Architects
_91156
942 _n0
999 _c102995
_d102995